Kariera piłkarska Cristiano Ronaldo - Statystyki

Ogólne statystyki
  • Ten quiz został rozwiązany 104 razy
  • Średni wynik to 5 z 6
Statystyki odpowiedzi
Hint Odpowiedź % Poprawnych
Klub Sporting
96%
Klub Real Madryt
95%
Klub Juventus
93%
Klub Manchester United
93%
Klub Manchester United
93%
Klub Al-nasrr
26%
Nie znaleziono quizów pasujących do podanych kryteriów
Rozkład punktacji
Procent ludzi z każdym wynikiem
Percentyl według liczby udzielonych odpowiedzi
Twoja historia wyników
Nie rozwiązałeś tego quizu